Statistics for Numbers of Current NFL Players

Click here to take the quiz!

General Stats

  • This quiz has been taken 119 times
  • The average score is 21 of 23

Answer Stats

HintAnswer% Correct
Tom Brady12
100%
Carson Wentz11
97%
Alex Smith11
97%
Odell Beckham JR13
97%
Derek Carr4
97%
Andy Dalton14
94%
Khalil Mack52
94%
Von Miller58
94%
JJ Watt99
94%
Christian McCaffrey22
93%
Jared Goff16
92%
Josh Norman24
92%
Richard Sherman25
92%
Todd Gurley30
90%
Dez Bryant88
90%
Leonard Fournette27
89%
Chris Hogan15
87%
Cooper Kupp18
87%
Dion Lewis33
83%
Amari Cooper89
83%
Danny Amendola80
82%
Jay Ajayi36
81%
Janoris Jenkins20
79%

Score Distribution

Percentile by Number Answered

Percent of People with Each Score

Your Score History

You have not taken this quiz